Fill in the Lyrics - Drift Away Quiz Stats

 Plays Quiz not verified by Sporcle

Score 0/193 Timer 10:00
2 Plays Today
Answer % Correct
the
98.3%
a
98.3%
the
98.3%
And
98.3%
a
98.3%
the
98.3%
the
98.3%
the
98.3%
And
98.3%
the
98.3%
and
98.3%
And
98.3%
And
98.3%
a
98.3%
her
97.9%
her
97.9%
her
97.9%
her
97.9%
her
97.9%
her
97.9%
her
97.9%
in
97.1%
play
97.1%
game.
97.1%
in
97.1%
in
97.1%
play.
97.1%
drift
97.1%
away.
97.1%
drift
97.1%
away.
97.1%
drift...
97.1%
drift...
97.1%
drift...
97.1%
away.
97.1%
Here
96.7%
garden
96.7%
Here
96.7%
garden
96.7%
let's
96.3%
so
95.4%
she
95%
She
95%
it
94.6%
it
94.6%
it
94.6%
smile
94.2%
that
94.2%
that
94.2%
that
94.2%
that
94.2%
that
94.2%
be
93.8%
fun!
93.8%
stand
93.4%
still.
93.4%
of
93.4%
of
93.4%
still
93.4%
of
93.4%
much
92.9%
watching
92.9%
watching
92.9%
watching
92.9%
very
92.5%
Answer % Correct
This'll
92.5%
this
92.5%
Happily
92.1%
Happily
92.1%
Happily
92.1%
Happily
92.1%
happily
92.1%
Happily
92.1%
how
91.7%
then
91.7%
after:
91.7%
after
91.7%
'Is
91.7%
how
91.7%
how
91.7%
you
91.3%
You
91.3%
you.
91.3%
you
91.3%
you.
91.3%
That's
90.9%
what
90.9%
I'm
90.9%
laughter.
90.9%
sound
90.5%
by.
90%
by
90%
it's
89.6%
to
89.6%
to
89.6%
to
89.6%
to
89.6%
to
89.6%
to
89.6%
to
89.6%
waiting,
89.2%
I'll
88.8%
son
88.8%
show
88.4%
done.
88.4%
smiled.
88.4%
on
88.4%
on
88.4%
on
88.4%
stay.
88%
no
88%
no
88%
stay.
88%
Happy
87.6%
Happy
87.6%
Happy
87.6%
Happy
87.6%
new
87.6%
Happy
87.6%
eyes,
87.1%
listen.
87.1%
listen.
87.1%
Am
86.7%
all
86.3%
go
86.3%
doing
86.3%
right?'
86.3%
all
86.3%
doesn't
85.9%
Isn't
85.9%
Answer % Correct
Isn't
85.9%
isn't
85.9%
friends.
85.5%
survived
85.1%
Finally
84.6%
something.
84.6%
Finally
84.6%
exist
84.6%
about
84.2%
about
84.2%
story
84.2%
ends.
84.2%
now,
84.2%
keep
83.8%
brand
83.8%
cruel?
83.8%
fool
83.8%
pages
82.6%
care,
82.6%
care
82.6%
turning
82.2%
there.
82.2%
there.
82.2%
news
82.2%
cool?
82.2%
years
81.7%
for
81.7%
aren't
81.7%
night
80.9%
night,
80.9%
who
80.9%
don't
80.9%
who
80.9%
don't
80.9%
people
80.5%
people
80.5%
see
80.5%
See
80.5%
without
80.5%
my
80.1%
one's
80.1%
one's
80.1%
sky.
79.7%
gone
79.7%
lovely?
79.7%
own,
79.3%
wondering,
79.3%
under
78.8%
have
78.8%
endless
78.4%
thousands
78%
takes
78%
ages
78%
works?
77.6%
Everyone's
77.6%
as
77.2%
I
75.1%
I
75.1%
listened?
71.4%
standing
70.1%
Counting
68.9%
seconds,
67.6%
alone
66%

You're not logged in!

Compare scores with friends on all Sporcle quizzes.
OR
Log In

Sporcle TV

Today on Sporcle TV


Watch our educational content, quiz creation guides, and fun videos on Sporcle TV.

Show Comments

Extras

Top Quizzes Today


Score Distribution

Your Account Isn't Verified!

In order to create a playlist on Sporcle, you need to verify the email address you used during registration. Go to your Sporcle Settings to finish the process.

Report this User

Report this user for behavior that violates our Community Guidelines.

Details: